| 000 | 01149cam a2200325 a 4500 | ||
|---|---|---|---|
| 999 |
_c19209 _d19181 |
||
| 001 | 4521817 | ||
| 005 | 20201203142550.0 | ||
| 008 | 990324s2000 paua frb 001 0 eng c | ||
| 020 | _a9780721684604 | ||
| 040 |
_aDNLM/DLC _cDLC _dDLC _dEG-ScBUE |
||
| 082 | 0 | 4 |
_a617.63 _bREG _222 |
| 100 | 1 |
_aRegezi, Joseph A. _937685 |
|
| 245 | 1 | 0 |
_aAtlas of oral and maxillofacial pathology / _cJoseph A. Regezi, James J. Sciubba, M. Anthony Pogrel. |
| 246 | 3 | 0 | _aOral and maxillofacial pathology |
| 250 | _a1st ed. | ||
| 260 |
_aPhiladelphia : _bW.B. Saunders Company : _bSaunders Elsevier, _cc.2000. |
||
| 300 |
_aix, 171 p. : _bill. (col.) ; _c28 cm. |
||
| 500 | _aIndex : p. 165-171. | ||
| 500 | _aFirst reprinted in India 2011. | ||
| 504 | _aBibliography : p. 155-163. | ||
| 650 | 7 |
_aMouth _xDiseases _vAtlases _2BUEsh _937686 |
|
| 650 | 7 |
_aJaws _xDiseases _vAtlases _2BUEsh _937687 |
|
| 650 | 7 |
_aPathology, Oral _vAtlases _2BUEsh _937688 |
|
| 650 | 7 |
_aJaw Diseases _xpathology _vAtlases _2BUEsh _937689 |
|
| 651 | _2BUEsh | ||
| 653 | _cApril2015 | ||
| 700 | 1 |
_aSciubba, James J. _937690 |
|
| 700 | 1 |
_aPogrel, M. Anthony _937691 |
|
| 942 |
_2ddc _k617.522 REG |
||